000 00426nam a22001337a 4500
040 _cNUST
082 _a220 PRO
100 _aMuhammad Ali Memon Syeda Khadija Gillani Umeimah Zia
_986237
110 _aProject Supervisor Dr Shahzor Ahmed
_986238
245 _aPR-SOF-2078-Traffic Sign Recognition Using Deep Learning
260 _aISLAMABAD:
_bNUST COLLEGE OF EME,
_c2021.
650 _aDE-ELECT-39
_986239
942 _2ddc
_cPR
999 _c587261
_d587261